000 00316 a2200157 4500
001 61589
020 _a9788580101430
040 _cAnchieta - Pituba
100 _aBenedine , Dalton Luiz
240 1 0 _aQuímica
_lpor
245 1 0 _aQuímica
300 _a156
362 0 _a2011
650 4 _aQuímica
942 _cBK
999 _c61589
_d61589